| 000 | 00785nam a22002177a 4500 | ||
|---|---|---|---|
| 999 |
_c4461 _d4461 |
||
| 003 | AR-CdUCM | ||
| 008 | 190308b ||||| |||| 00| 0 spa d | ||
| 040 |
_aMUNICIPALIDAD PROVINCIAL DEL CUSCO _cBIBLIOTECA MUNICIPAL DEL CUSCO |
||
| 082 |
_a792.22 / _bS68 |
||
| 100 |
_aSoria, Mario T. _914029 |
||
| 245 | _aTeatro boliviano en el siglo XX / | ||
| 260 |
_aBolivia : _bCasa Municipal de la Cultura Franz Tamayo, _c1980. |
||
| 300 |
_a237 páginas ; _bimágenes. _c18 cm. |
||
| 505 | _aCarlos Miguel Suarez Radillo -- Seis dramaturgos bolivianos -- Teatro boliviano -- Obras selectas de consulta... | ||
| 650 |
_aTeatro. _9173 |
||
| 650 |
_aBolivia. _91138 |
||
| 650 |
_aDramaturgos. _95743 |
||
| 650 |
_aLiteratura boliviana. _94271 |
||
| 942 |
_2ddc _cLIBROS |
||
| 945 |
_awfj _d2019-03-08 |
||